Представление документа в формате RUSMARC

ПолеНазваниеЗначение
  Тип записи a
  Библиографический уровень m
001 Контрольный номер RU/УГОНБ/EK/32116
005 Дата корректировки 20260703133605.4
010 Индекс ISBN __
d Цена 1 р. 47 к.
9 Тираж 475 экз.
100 Данные общей обработки __
a Данные общей обработки 19921219d1991 u u0rusy0189 ca
101 Язык документа 0_
a Язык текста rus
102 Страна публикации __
a Страна публикации RU
105 Кодированные данные (монография) __
a Кодированные данные (монография) y z 000yy
200 Заглавие и сведения об ответственности 1_
a Заглавие Методологические проблемы сравнительной педагогики
e Сведения, относящиеся к заглавию сборник научных трудов
f Первые сведения об ответственности Академия педагогических наук СССР
g Последующие сведения об ответственности редактор З. А. Малькова
210 Выходные данные 1_
a Место издания Москва
c Издательство АПН СССР
d Дата издания 1991
215 Физическое описание __
a Объем 93 с.
d Формат 20 см
320 Библиография __
a Библиография Библиогр. в конце ст.
606 Тематические рубрики 0_
a Основная рубрика Педагогика сравнительная
610 Ключевые слова 0_
a Ключевые слова педагогика сравнительная; сравнительная педагогика; наука педагогическая
686 Индексы других классификаций __
a Классификационный индекс 74.00
2 Код системы rubbk
702 Вторичная интеллектуальная ответственность _1
a Фамилия Малькова
b Имя (инициалы) З. А.
4 Код отношения 340
g Полное личное имя Зоя Алексеевна
712 Наименование организации (Вторичная ответственность) 02
a Организация/ юрисдикция Академия педагогических наук СССР
4 Код отношения 570
801 Источник записи _0
a Страна RU
b Организация Ульяновская ОНБ
c Дата составления 19921219
g Правила каталогизации RCR
801 Источник записи _1
a Страна RU
b Организация Ульяновская ОНБ
c Дата составления 20050902
g Правила каталогизации RCR
901 Тип документа __
t Тип документа m
910 Корректоры записи __
a Корректор записи Седова
b Дата внесения изменения в запись 20260703